000 00356nam a2200181Ia 4500
100 _aShaw/Zed A
650 _aPython
250 _a3
942 _cBK
366 _f20
654 _apython
245 _aLearn Python the hardway
260 _bPearson Education
_c2017
082 _a5.133
_bSHAW
300 _a287
546 _aENGLISH
999 _c24354
_d24354